| 000 | 00614nam a2200205 i 4500 | ||
|---|---|---|---|
| 001 | 73694 | ||
| 003 | ES-MaACL | ||
| 005 | 20240320062528.0 | ||
| 007 | t| | ||
| 008 | 040910s1985 sp ||||1| spa d | ||
| 020 | _a84-239-4274-0 | ||
| 100 | 1 |
_aGómez de la Serna, Ramón, _d1888-1963 _957901 |
|
| 245 | 1 | 0 |
_aDalí / _cpor Ramón Gómez de la Serna ; epílogo de Baltasar Porcel. |
| 250 | _a2ª ed. | ||
| 260 |
_aMadrid : _bEspasa-Calpe, _c1985. |
||
| 300 |
_a253 p. : _bprincipalmemte il. ; _c32 cm. |
||
| 700 | 1 |
_aPorcel, Baltasar. _993114 |
|
| 852 |
_aES-MaACL _jL-11200 _bR.113135 |
||
| 999 |
_c73694 _d73694 |
||